00480nam a2200157Ia 4500100002400000650002400024942000700048366000700055245002400062260003700086082000800123300000800131546002400139999001700163952014200180 aApte/Shaila Dinkar  aSignals and systems cBK f25 aSignals and systems bCambridge University Pressc2016 bAPT a771 aENGLISHcPAMPHALETS c23020d23020 001040708CRCaCRCEbCRCEd2023-03-17eAllied Publishersg521.25i897 dt 06.01.2017l0o APTp24507r2023-03-17v695.00w0000-00-00yBK